Arizona dream

Bibliographic Details
Other Authors: Kusturica, Emir, 1954- (Director), Atkins, David (Scenarist), Depp, Johnny, 1963- (Actor), Dunaway, Faye, 1941- (Actor)
Format: Video DVD
Language:Czech
English
PhysicalDescription:1 videodisk (DVD) (135 min.) zvuk., fareb. 12 cm
Published: [Bratislava] Ringier [2009]
Series:Nový Čas vás baví extra
Subjects:

MARC

LEADER 00000ngm a2200000 a 4500
001 vtls010274529
003 SK-MaSNL
005 20260301031719.0
007 vd cvaizu
008 110429s2009 xo 135 vlcze
040 |a SNK  |b slo  |c SNK  |e AACR2 
041 1 |a cze  |a eng  |b cze  |h eng 
044 |a xo  |c SK 
072 7 |a 791  |x Film. Cirkus. Ľudová zábava  |2 konspekt 
080 |a 791.221/.228  |2 2001 
080 |a 791.221.5  |2 2001 
080 |a 791.221.2  |2 2001 
080 |a 791.221.8  |2 2001 
080 |a (0.034.44)  |2 2001 
245 0 0 |a Arizona dream  |h videozáznam  |c réžia: Emir Kusturica 
260 |a [Bratislava]  |b Ringier  |c [2009] 
300 |a 1 videodisk (DVD) (135 min.)  |b zvuk., fareb.  |c 12 cm 
490 1 |a Nový Čas vás baví extra 
500 |a Názov z obalu 
500 |a Americko-francúzsky celovečerný film z roku 1993 
508 |a Scenár, David Atkins 
511 0 |a Hrajú: Johnny Depp, Jerry Lewis, Faye Dunaway a ďalší 
521 8 |a Nevhodné do 12 rokov 
538 |a DVD video; zvuk Dolby digital 2.0; obraz 16:9 
546 |a V originálnom anglickom znení, český dabing a titulky 
650 0 7 |a hrané filmy  |2 SNKPH  |9 68885 
650 0 7 |a filmové drámy  |2 SNKPH  |9 320128 
650 0 7 |a filmové komédie  |2 SNKPH  |9 326988 
650 0 7 |a fantasy filmy  |2 SNKPH  |9 138623 
655 7 |a DVD  |2 SNKPH  |9 70751 
700 1 |a Kusturica, Emir,  |d 1954-  |4 drt  |9 156482 
700 1 |a Atkins, David  |4 sce  |9 327676 
700 1 |a Depp, Johnny,  |d 1963-  |4 act  |9 12125 
700 1 |a Dunaway, Faye,  |d 1941-  |4 act  |9 9330 
830 0 |a Nový Čas vás baví extra  |9 326689 
999 |c 577187  |d 579117 
952 |a SNK  |b SNK  |y PREZ  |7 0  |p 17A0701628  |o snkSDVD 1183  |i snk2011/9698  |8 0  |0 0  |1 0  |4 0  |d 2011-04-29  |l 0  |r 2026-02-23 14:37:33  |w 2026-02-23 
952 |a SNK  |b SNK  |y PREZ  |7 0  |p 17A1136168  |o snkSDVD 1183 D1  |i snk2014/24268  |8 1  |0 0  |1 0  |4 0  |d 2015-02-02  |l 0  |r 2026-02-23 14:37:34  |w 2026-02-23